000 00515nam a2200205Ia 4500
003 GCL
008 140319s9999 xx 000 0 eng d
040 _aGCL /
_cGCL
082 0 4 _a305.23
_bD T
100 1 _aDODSON, FITZHUGH
245 1 0 _aTOUT SE JOUE AVANT SIX ANS /
_cDODSON, FITZHUGH
260 _a[S.N] :
_bMARABOUT UNIVERSITE ،
_c1972
300 _a316 P
490 _aMARABOUT
_v0
650 0 4 _aCHILDREN
650 0 4 _aCHILDHOOD
650 0 4 _aCHILDREANING
650 0 4 _aCHILD STUDY
942 _2ddc
_cBK
999 _c23276
_d23276